000 00835nam0a2200277 4500
001 RU\NLR\ONL1\9497
005 20250613120256.0
035 _a(NLR Aleph) 009638245
090 _a9534736
_c9534736
100 _a20060906d1934 |||y0rusy50 ca
101 0 _audm
102 _aRU
105 _ay |||||||||
200 1 _aМуш утён зооминимум
_f[Пер. А. Князевой]
210 _aИжевск
_cУдгиз
_d1934
215 _a28 с.
_d20
541 1 _aЗооминимум по пчеловодству
_zrus
606 0 _aПчеловодство
_9998796
_3RU\NLR\auth\6660675
686 1 _aП691
700 1 _aМузалевский
_bБ.
_4070
801 0 _aRU
_bNLR
_c20060906
_gPSBO
852 _aNLR
_bОНЛ
_jУдмур./2-137
942 _cBOOK
980 _aNB